000 00425nam a2200181Ia 4500
001 4935
005 20260306145831.0
008 260306t2016||||xx |||||||||||||| ||spa||
041 _aESP
082 _a332
_bCH248 2016
100 _aChu Rubio, Manuel
_eAUT
245 0 _aFinanzas para no financieros
260 _c2016
300 _a259 páginas :
_c24 cm.
650 _aGEN
654 _aCAN
942 _cLIB
_dJUS
_fJUS
_2ddc
_n
999 _c4935
_d4935